Language Quiz

Random Language Quiz

What's in a Name?: Dumbledore Quiz Stats

 Plays Quiz not verified by Sporcle

Challenge
Share
Tweet
Embed
Score 0/136 Timer 10:00
0 Plays Today
% Correct
Do
95.2%
Dumb
95.2%
Or
81%
Me
76.2%
Bled
76.2%
Be
71.4%
Led
71.4%
More
71.4%
Bleed
71.4%
Bed
66.7%
Bum
66.7%
Rod
66.7%
Rum
66.7%
Due
61.9%
Lee
61.9%
Mod
61.9%
Mud
61.9%
Red
61.9%
Bore
61.9%
Mode
61.9%
Bee
57.1%
Doe
57.1%
Dud
57.1%
Ore
57.1%
Deer
57.1%
Bud
52.4%
Deed
52.4%
Lore
52.4%
Role
52.4%
Duel
47.6%
Dorm
42.9%
Drum
42.9%
Reel
42.9%
Rode
42.9%
Rule
42.9%
Dub
38.1%
Eel
38.1%
Ere
38.1%
Roe
38.1%
Dome
38.1%
Leer
38.1%
Reed
38.1%
Old
33.3%
Deem
33.3%
Mole
33.3%
Rude
33.3%
% Correct
Elder
33.3%
Model
33.3%
Duo
28.6%
Rub
28.6%
Blue
28.6%
Bode
28.6%
Bold
28.6%
Dole
28.6%
Lord
28.6%
Meld
28.6%
Mere
28.6%
Mold
28.6%
Mule
28.6%
Bored
28.6%
Lumber
28.6%
Rumble
28.6%
Elm
23.8%
Ode
23.8%
Rue
23.8%
Blur
23.8%
Bole
23.8%
Bred
23.8%
Dude
23.8%
Lure
23.8%
Redo
23.8%
Rumbled
23.8%
Lob
19%
Odd
19%
Rob
19%
Beer
19%
Demo
19%
Dour
19%
Drub
19%
Ruled
19%
Emu
14.3%
Mob
14.3%
Robe
14.3%
Breed
14.3%
Doled
14.3%
Double
14.3%
Meddle
14.3%
Muddle
14.3%
Lumbered
14.3%
Orb
9.5%
Our
9.5%
Burl
9.5%
% Correct
Lobe
9.5%
Rued
9.5%
Domed
9.5%
Ember
9.5%
Erode
9.5%
Lured
9.5%
Older
9.5%
Udder
9.5%
Demure
9.5%
Modeled
9.5%
Remodel
9.5%
Loud
4.8%
Lube
4.8%
Demob
4.8%
Elude
4.8%
Embed
4.8%
Lemur
4.8%
Lobed
4.8%
Mould
4.8%
Rebel
4.8%
Robed
4.8%
Burled
4.8%
Delude
4.8%
Demode
4.8%
Dueled
4.8%
Eluded
4.8%
Eroded
4.8%
Lorded
4.8%
Louder
4.8%
Melded
4.8%
Module
4.8%
Boulder
4.8%
Doubled
4.8%
Meddled
4.8%
Moulded
4.8%
Moulder
4.8%
Remould
4.8%
Moldered
4.8%
Redouble
4.8%
Remolded
4.8%
Bouldered
4.8%
Mouldered
4.8%
Redoubled
4.8%
Remoulded
4.8%

You're not logged in!

Compare scores with friends on all Sporcle quizzes.
OR
Log In

You Might Also Like...

Show Comments

Extras

Created Nov 22, 2012ReportNominate
Tags:dumbledore

Top Quizzes Today


Score Distribution

Your Account Isn't Verified!

In order to create a playlist on Sporcle, you need to verify the email address you used during registration. Go to your Sporcle Settings to finish the process.

Report this User

Report this user for behavior that violates our Community Guidelines.

Details: